000
00273nam a22001217a 4500
003
SGT
082
_a
618.92
_b
P01O
100
_a
ORLOWSKI , JAMES P
245
_a
THE PEDIATRIC CLINICS OF NORTH AMERICA
260
_a
INDIA
_b
SAUNDERS
_c
2001
300
_a
821
942
_2
ddc
_c
BK
999
_c
14038
_d
14038